000
00238nam a22001217a 4500
003
SGT
082
_a
823
_b
DRE
100
_a
DREW NANCY
245
_a
WITHOUT A TRACE
260
_a
USA
_b
ALADDIN
_c
2004
300
_a
149
942
_2
ddc
_c
BK
999
_c
33669
_d
33669